000 00868pam a2200301 a 4500
001 1020855
005 20231208001637.0
008 880617s1989 ctua b 001 0 eng
020 _a0300043163 (alk. paper)
040 _aDLC
_cDLC
_dDLC
082 0 0 _a823/.8/09
_219
_bGay.
100 1 _aTuchman, Gaye.
245 1 0 _aEdging women out :
_bVictorian novelists, publishers, and social change /
_cGaye Tuchman with Nina E. Fortin.
260 _aNew Haven :
_bYale University Press,
_c1989.
300 _axvii, 266 p. :
500 _aIncludes index.
650 0 _aEnglish fiction
650 0 _aWomen and literature
650 0 _aAuthorship
650 0 _aAuthorship
650 0 _aLiterature and society
650 0 _aLiterature publishing
650 0 _aWomen
650 0 _aSocial change
650 0 _aSex role
700 1 _aFortin, Nina E.
_eedt
942 _cL
999 _c161
_d161